Riconosci il Pokémon - Quiz n°27 - Statistics

Statistiche generali
  • Questo quiz è stato fatto 10 volte
  • Il punteggio medio è 9 su 10
Statistiche sulle risposte
Indizio Risposta % Corretto
Altezza 0,4 m
100%
Peso 2,5 kg
100%
Sesso 50% ♂, 50% ♀
100%
Tipo Erba / Psico
100%
Stadio evoluzione Forma Base
100%
Generazione Prima
100%
Abilità Clorofilla; Coglibacche
90%
Tasso di cattura 90 (20.1%)
80%
Tasso di allevamento Lento
80%
Pokémon Exeggcute
60%
Nessun quiz corrispondente trovato
Distribuzione punteggi
Percentuale di utenti per punteggio
Percentile per numero di risposta
I tuoi punteggi nel tempo
Non hai fatto questo quiz